Pays ayant le portugais comme langue officielle - Statistiques

Statistiques générales
  • Ce quiz a été pris 115 fois
  • Le résultat moyen est 5 sur 9
Answers on the Grid
Answers color-coded by a green-red scale on the quiz's grid according to % correct below.
Angola
Brésil
Cap-Vert
Timor Oriental
Guinée Equatoriale
Guinée-Bissau
Mozambique
Portugal
Sao-Tome-et-Principe
Namibie
Bahamas
Botswana
Afrique du Sud
Burundi
Comores
Indonésie
Malaisie
Philippines
Eswatini
Gambie
Ghana
Grenade
Malawi
Oman
Papouasie Nouvelle-Guinée
Uruguay
Ouganda
Guyana
Suriname
Trinité-et-Tobago
 
Statistiques - réponses
Réponse % Correct
Portugal
88%
Brésil
84%
Angola
65%
Cap-Vert
64%
Guinée-Bissau
56%
Mozambique
54%
Sao-Tome-et-Principe
48%
Guinée Equatoriale
34%
Timor Oriental
26%
Aucun quiz correspondant
Distribution des résultats
% des personnes avec chaque résultat
Percentile par nombre de réponses
Votre historique - résultats
Vous n’avez pas pris ce quiz